000 00251nam a2200109Ia 4500
008 190216s9999||||xx |||||||||||||| ||und||
100 _aA Board Of Experienced Professors
245 0 _aAmal Ki Pravah
260 _bNull
650 _aHindi
942 _cBK
999 _c15387
_d15387